| 000 | 005640000a22001810004500 | ||
|---|---|---|---|
| 003 | MACL | ||
| 005 | 20160330120706.0 | ||
| 008 | 160330b xxu||||| |||| 00| 0 eng d | ||
| 040 |
_aMACL _cMACL |
||
| 041 | _aHindi | ||
| 082 | _a070 | ||
| 100 |
_aरामशरण जोशी _940904 |
||
| 245 | _aमीडिया मिशन से बाजारीकरण तक(1947; 2007) | ||
| 260 |
_bवाग्देवी प्रकाशन _c2008 _aबीकानेर |
||
| 350 | _a170 | ||
| 650 |
_aJournalism _948844 |
||
| 942 |
_cHIN _k070/JOS _2ddc |
||
| 999 |
_c41256 _d41256 |
||